000 00725nam a22002177a 4500
999 _c15258
_d15258
003 AR-CdUCM
008 190426b ||||| |||| 00| 0 spa d
020 _a978-607-16-1315-8
040 _aMUNICIPALIDAD PROVINCIAL DEL CUSCO
_cBIBLIOTECA MUNICIPAL DEL CUSCO
082 _aPI / 808 /
_bSC28
100 _aScarpelli, Veridiana
_934305
245 _aEl sueño de Victorio /
260 _aBrasil :
_bFondo e cultura económica,
_c2012.
300 _a32 paginas ;
_bIlustraciones,
_c21 cm.
500 _aTitulo original :O sonho de Vitório
650 _aCuentos para niñas (os)
_933717
650 _aCuentos de aventuras
_934290
650 _aLiteratura infantil
_9588
942 _2ddc
_cLIBROS
945 _awnts
_d2019-04-26